[Event "RUS-ch U18"]
[Site "Dagomys"]
[Date "2004.04.??"]
[Round "3"]
[White "Zabotin, Alexander"]
[Black "Murathanov, Ruslan"]
[Result "1-0"]
[WhiteElo "2348"]
[BlackElo "2236"]
[PlyCount "57"]
[EventDate "2004.04.??"]
[EventType "swiss"]
[EventRounds "10"]
[EventCountry "RUS"]
[SourceTitle "EXT 2005"]
[Source "ChessBase"]
[SourceDate "2004.11.15"]
[SourceVersion "1"]
[SourceVersionDate "2004.11.15"]
[SourceQuality "1"]

1. d4 Nf6 2. c4 g6 3. Nc3 d5 4. Nf3 Bg7 5. Bg5 c5 6. Bxf6 Bxf6 7. cxd5 cxd4 8. Nxd4 Qb6 9. Nb3 a5 10. Rc1 Bd7 11. Qc2 Na6 12. e4 a4 13. Nd2 Nb4 14. Qb1 Bd4 15. Nd1 f5 16. a3 Na6 17. Be2 Nc5 18. Rc4 Nxe4 19. Nxe4 fxe4 20. Qxe4 Bc5 21. 0-0 0-0 22. Kh1 Qd6 23. Qh4 Bb5 24. Re4 Bxe2 25. Rxe2 Qxd5 26. Nc3 Qf5 27. Nxa4 Bd6 28. Nb6 Rae8 29. Nc4 1-0